Osobennosti kliničeskogo tečenija ateroskleroza i gipertoničeskoj bolezni v uslovijach krajnego severa /

Uložené v:
Podrobná bibliografia
Hlavný autor: Afanasieva, Vera Dmitrijevna (Author)
Médium: Kniha
Jazyk:Russian
Vydané: Moskva : Medicina, 1972.
Vydanie:1. izd.
Edícia:Biblioteka praktičeskogo vrača
ISBN: (brož.)
Fyzický popis: 98 s.
Tagy: Pridať tag
Žiadne tagy, Buďte prvý kto otaguje tento záznam!

MARC

LEADER 00000nam a2200000 a 4500
001 000139721
005 20200420145953.0
008 040101s1972 ru e rus d
020 |a (brož.) 
040 |a SVKKK  |b slo  |c SVKKK  |e AACR2 
041 0 |a rus 
044 |a ru  |c RU 
100 1 |a Afanasieva, Vera Dmitrijevna  |4 aut 
245 1 0 |a Osobennosti kliničeskogo tečenija ateroskleroza i gipertoničeskoj bolezni v uslovijach krajnego severa /  |c Vera Dmitrijevna Afanasieva. 
250 |a 1. izd. 
260 |a Moskva :  |b Medicina,  |c 1972. 
300 |a 98 s. 
490 1 |a Biblioteka praktičeskogo vrača 
910 |a svkkk 
998 |a BK 
090 |g SCKHL  |k Sklad Pribinova 2. posch.  |a II.203262  |j 494265  |i 139721-10  |s Absenčne